[Event "Ch Europe"]
[Site "Jerusalem (Israel)"]
[Date "2015.02.26"]
[Round "3"]
[White "Mikhalevski Victor (ISR)"]
[Black "Gorodetzky David (ISR)"]
[Result "1-0"]
[WhiteElo "2536"]
[BlackElo "2348"]

1.Nf3 Nf6 2.c4 e6 3.g3 d5 4.Bg2 Be7 5.O-O O-O 6.b3 c5 7.Bb2 Nc6 8.e3 d4 9.exd4
cxd4 10.Re1 Ne8 11.Ne5 Nxe5 12.Rxe5 f6 13.Re1 e5 14.f4 exf4 15.gxf4 Bc5 16.Ba3
Bxa3 17.Nxa3 Nc7 18.Qe2 Rb8 19.Qe7 Qxe7 20.Rxe7 Rf7 21.Rae1 Bd7 22.Nc2 Rd8
23.Rxf7 Kxf7 24.Bxb7 Bf5 25.Nb4 Rb8 26.Nc6 Re8 27.Rxe8 Nxe8 28.Nxd4 Bb1 29.a3
{#r} 1-0

[Event "Ch Bulgaria"]
[Site "Pleven (Bulgaria)"]
[Date "2015.04.23"]
[Round "6"]
[White "Chatalbashev Boris (BUL)"]
[Black "Georgiev Kiril (MKD)"]
[Result "0-1"]
[WhiteElo "2550"]
[BlackElo "2607"]

1.Nf3 Nf6 2.c4 e6 3.g3 d5 4.Bg2 Be7 5.O-O O-O 6.b3 b6 7.Bb2 Bb7 8.e3 Nbd7
9.Nc3 Ne4 10.cxd5 Nxc3 11.dxc3 exd5 12.c4 dxc4 13.Ne5 Bxg2 14.Nxd7 Bxf1 15.Qg4
f6 16.Rxf1 Rf7 17.Rd1 Bd6 18.Nxf6+ Rxf6 19.Qxc4+ Rf7 20.e4 Qe7 21.e5 Bc5 22.b4
Bxf2+ 23.Kg2 Re8 24.Rf1 Be3 {#R} 0-1

[Event "It (open)"]
[Site "Pula (Croatia)"]
[Date "2015.06.17"]
[Round "6"]
[White "Jurman Roberto (CRO)"]
[Black "Baumegger Siegfried (AUT)"]
[Result "0-1"]
[WhiteElo "2268"]
[BlackElo "2466"]

1.c4 e6 2.Nf3 d5 3.g3 Nf6 4.Bg2 Be7 5.O-O O-O 6.b3 b6 7.Bb2 Bb7 8.d3 c5 9.Na3
Nc6 10.cxd5 exd5 11.d4 Re8 12.Nc2 Ne4 13.Nd2 Bf6 14.Nxe4 dxe4 15.e3 Ba6 16.Re1
Bd3 17.Qc1 cxd4 18.exd4 Rc8 19.Qd1 Bxc2 20.Qxc2 Nxd4 21.Qd1 Nc2 22.Qxd8 Rcxd8
23.Bxf6 gxf6 24.Rac1 Nxe1 25.Rxe1 f5 26.Bf1 Rd2 27.a4 Red8 28.Re3 Rc2 29.g4
Rd1 30.Kg2 f4 {#R} 0-1

[Event "It (open)"]
[Site "Albena (Bulgaria)"]
[Date "2015.06.21"]
[Round "5"]
[White "Velikov Petar (BUL)"]
[Black "Tukubayev K (KAZ)"]
[Result "1-0"]
[WhiteElo "2410"]
[BlackElo "2200"]

1.Nf3 d5 2.g3 Nf6 3.Bg2 e6 4.c4 Be7 5.O-O O-O 6.b3 dxc4 7.bxc4 c5 8.Bb2 Nc6
9.d3 Qc7 10.e3 Rd8 11.Qe2 b6 12.Nc3 Bb7 13.Rfd1 Rac8 14.Ne1 Qb8 15.f4 Qa8
16.g4 h6 17.h4 Nb4 18.g5 hxg5 19.hxg5 Nd7 20.a3 Bxg2 21.Nxg2 Nc6 22.Kf2 Nf8
23.Rh1 f6 24.Ne4 f5 25.Nf6+ Bxf6 26.gxf6 Nh7 27.Nh4 e5 28.Nxf5 {#r} 1-0

[Event "Cup V.Dvorkovich (juniors) (team)"]
[Site "Moscow (Russia)"]
[Date "2015.06.30"]
[Round "7"]
[White "Parvanyan Ashot (ARM)"]
[Black "Golubov Saveliy (RUS)"]
[Result "0-1"]
[WhiteElo "2233"]
[BlackElo "2453"]

1.Nf3 d5 2.g3 Nf6 3.Bg2 e6 4.O-O Be7 5.c4 O-O 6.b3 d4 7.Bb2 Nc6 8.e3 e5 9.exd4
exd4 10.Re1 Bc5 11.a3 a5 12.d3 Re8 13.Nbd2 Rxe1+ 14.Qxe1 Bf5 15.Ne5 Qd6
16.Nxc6 bxc6 17.Ne4 Bxe4 18.Bxe4 Rb8 19.Qxa5 Rxb3 20.Bc1 Nxe4 21.Bf4 Bb6
22.Qf5 Qe6 23.Qxe4 Qxe4 24.dxe4 Ba5 25.c5 f6 26.Rd1 g5 {#R} 0-1

[Event "It "]
[Site "Lund (Sweden)"]
[Date "2015.08.09"]
[Round "8"]
[White "Jones Gawain C (ENG)"]
[Black "Andersson Paul (SWE)"]
[Result "1-0"]
[WhiteElo "2623"]
[BlackElo "2053"]

1.g3 Nf6 2.Bg2 d5 3.Nf3 e6 4.O-O Be7 5.c4 O-O 6.b3 c6 7.Bb2 Re8 8.d3 b5 9.Qc2
Nbd7 10.e4 bxc4 11.bxc4 dxe4 12.dxe4 Qc7 13.e5 Ng4 14.Nbd2 Bb7 15.Rfe1 Rad8
16.h3 Nh6 17.Ne4 Nc5 18.Nxc5 Bxc5 19.g4 g6 20.Bc1 Bf8 21.Bg5 f6 22.Bxf6 Rd7
23.Nh4 Kf7 24.Be4 {#r} 1-0

[Event "Ch Spain"]
[Site "Linares (Spain)"]
[Date "2015.08.27"]
[Round "5"]
[White "Nedobora Gregori (ESP)"]
[Black "Ruperez Benito Antonio (ESP)"]
[Result "0-1"]
[WhiteElo "2038"]
[BlackElo "2169"]

1.c4 e6 2.Nf3 d5 3.g3 Nf6 4.Bg2 Be7 5.O-O O-O 6.b3 c5 7.e3 a6 8.d3 b5 9.Bb2
Nbd7 10.Qe2 Rb8 11.Na3 Qb6 12.Ne5 Rd8 13.f4 Bb7 14.g4 bxc4 15.dxc4 d4 16.g5
Ne4 17.Qc2 Nxe5 18.Bxe4 Ng4 19.Rf3 Nxe3 20.Bxh7+ Kf8 21.Qf2 Qc6 22.Qh4 Qxf3
23.Be4 Qg4+ {#R} 0-1

[Event "Ch Bosnia & Herzegovina (team)"]
[Site "Prijedor (Bosnia & Herzegovina)"]
[Date "2015.09.07"]
[Round "3"]
[White "Kurajica Bojan (CRO)"]
[Black "Batinic Predrag (BIH)"]
[Result "1-0"]
[WhiteElo "2527"]
[BlackElo "2326"]

1.Nf3 d5 2.c4 e6 3.g3 Nf6 4.Bg2 Be7 5.O-O O-O 6.Qc2 c6 7.d3 b6 8.e4 Bb7 9.e5
Nfd7 10.Re1 Na6 11.a3 b5 12.b4 bxc4 13.dxc4 c5 14.cxd5 Bxd5 15.Nc3 Nc7 16.bxc5
Nxc5 17.Be3 Rc8 18.Rad1 h6 19.Rd4 Qe8 20.Rg4 Kh8 21.Qe2 Rg8 22.Rd1 Ba8 23.Nd2
Bxg2 24.Kxg2 Rd8 {#r} 1-0

[Event "It (open)"]
[Site "Washington (USA)"]
[Date "2015.10.11"]
[Round "8"]
[White "Darmanovic Srdjan (MNE)"]
[Black "Wang Justin"]
[Result "0-1"]
[WhiteElo "2211"]
[BlackElo "2046"]

1.Nf3 d5 2.c4 e6 3.g3 Nf6 4.Bg2 Be7 5.O-O O-O 6.b3 c5 7.Bb2 Nc6 8.e3 b6 9.Nc3
Bb7 10.cxd5 Nxd5 11.Nxd5 exd5 12.d4 Qd7 13.dxc5 bxc5 14.Qd2 Rfd8 15.Rfd1 Rac8
16.Rac1 a5 17.h4 h6 18.Qc2 a4 19.Nd2 Nb4 20.Qb1 axb3 21.axb3 Ba6 22.Qa1 Be2
23.Nc4 Qe6 24.Ne5 Bxd1 25.Rxd1 Bf6 26.Nf3 Ra8 27.Qb1 Ra2 28.Bxf6 Qxf6 29.Rf1
Rda8 {#R} 0-1

[Event "Ch New Zealand (blitz)"]
[Site "Auckland (New Zealand)"]
[Date "2016.01.12"]
[Round "6"]
[White "Jones Gawain C (ENG)"]
[Black "Thornton Giovanni Antonio (NZL)"]
[Result "1-0"]
[WhiteElo "2625"]
[BlackElo "2207"]

1.g3 Nf6 2.Bg2 d5 3.Nf3 e6 4.O-O Be7 5.c4 O-O 6.b3 b6 7.Bb2 Bb7 8.cxd5 exd5
9.Nd4 Re8 10.Nf5 Bf8 11.d3 g6 12.Nh4 Nbd7 13.Nc3 c6 14.e4 Bg7 15.Re1 dxe4
16.dxe4 Ne5 17.Qc2 Ba6 18.Rad1 Qc8 19.f4 Ned7 20.e5 Nh5 21.Ne4 Re6 22.Nd6 Rxd6
23.Rxd6 Bb7 24.Bh3 {#r} 1-0

[Event "Ch Iran (team)"]
[Site "Iran"]
[Date "2016.02.08"]
[Round "5"]
[White "Grabliauskas Virginijus (LTU)"]
[Black "Momenzadeh Mehdi (IRI)"]
[Result "0-1"]
[WhiteElo "2322"]
[BlackElo "2016"]

1.Nf3 Nf6 2.g3 e6 3.Bg2 d5 4.O-O Be7 5.c4 dxc4 6.Qa4+ c6 7.Qxc4 b5 8.Qc2 Bb7
9.b3 O-O 10.Bb2 Nbd7 11.Nc3 Qb6 12.e4 c5 13.e5 Nd5 14.Ne4 Nb4 15.Qb1 c4
16.bxc4 bxc4 17.Bd4 Qc7 18.Rc1 Rfc8 19.Nd6 Bxd6 20.exd6 Qxd6 21.Ng5 Nd3
22.Bxb7 Qxd4 23.Rf1 Rab8 24.Bxc8 Rxc8 {#R} 0-1

[Event "Ch Belgium (team) 2015/16"]
[Site "Belgium"]
[Date "2016.03.06"]
[Round "8"]
[White "Gulbas Cemil (TUR)"]
[Black "Boucquet Emile (BEL)"]
[Result "1-0"]
[WhiteElo "2367"]
[BlackElo "2136"]

1.c4 Nf6 2.g3 e6 3.Bg2 d5 4.Nf3 Be7 5.O-O O-O 6.b3 c5 7.Bb2 d4 8.b4 Qb6 9.Qb3
Rd8 10.b5 Ne8 11.a4 a5 12.Qa3 Nd6 13.d3 Nd7 14.Nbd2 e5 15.e3 Re8 16.Rac1 f5
17.exd4 exd4 18.Nxd4 cxd4 19.c5 Nf7 20.cxb6 Bxa3 21.Bxa3 Nfe5 22.Rfe1 Rd8
23.Be7 Re8 24.Bd6 Kf7 25.Rc7 {#r} 1-0

[Event "Ch Hungary (team) 2015/16 B"]
[Site "Hungary"]
[Date "2016.04.03"]
[Round "8"]
[White "Kovacs Adrian (HUN)"]
[Black "Magyar Otto (HUN)"]
[Result "1-0"]
[WhiteElo "2235"]
[BlackElo "2194"]

1.c4 e6 2.Nf3 Nf6 3.g3 d5 4.Bg2 Be7 5.O-O O-O 6.b3 c5 7.Bb2 Nc6 8.cxd5 Nxd5
9.Nc3 Nxc3 10.Bxc3 Bd7 11.Qc2 Rc8 12.Qb2 f6 13.d4 Rc7 14.dxc5 Bxc5 15.b4 Bb6
16.a4 a6 17.b5 axb5 18.axb5 Ne7 19.Bd4 Rc4 20.Rfd1 Bxd4 21.Nxd4 Qb6 22.Nf5
Nxf5 23.Rxd7 Rc7 24.Rxc7 Qxc7 25.b6 Qd7 26.Be4 Ne7 27.Qb3 f5 28.Rd1 Qc8
29.Bxb7 Qxb7 30.Qxe6+ {#r} 1-0

[Event "Ch Italy (team)"]
[Site "Civitanova Marche (Italy)"]
[Date "2016.04.28"]
[Round "2"]
[White "Mogranzini Roberto (ITA)"]
[Black "Malloni Marcello (ITA)"]
[Result "1-0"]
[WhiteElo "2510"]
[BlackElo "2344"]

1.Nf3 Nf6 2.c4 e6 3.g3 d5 4.Bg2 Be7 5.O-O O-O 6.b3 c5 7.cxd5 Nxd5 8.Bb2 Nc6
9.d4 cxd4 10.Nxd4 Bd7 11.Na3 Rc8 12.Nc4 a6 13.Rc1 b5 14.Nxc6 Bxc6 15.Ne5 Bb7
16.Qd4 Qb6 17.Qxb6 {#r} 1-0

[Event "Ch Europe"]
[Site "Gjakova (Kosovo)"]
[Date "2016.05.12"]
[Round "1"]
[White "Grandelius Nils (SWE)"]
[Black "Vebic Kasem (SRB)"]
[Result "1-0"]
[WhiteElo "2649"]
[BlackElo "2218"]

1.Nf3 d5 2.c4 e6 3.g3 Nf6 4.Bg2 Be7 5.O-O O-O 6.b3 c5 7.Bb2 Nc6 8.e3 dxc4
9.bxc4 Qd3 10.Qb3 Qd8 11.Rd1 Qc7 12.Na3 e5 13.Nb5 Qb8 14.d4 cxd4 15.exd4 exd4
16.Nfxd4 Bd7 17.Re1 Re8 18.Nxc6 bxc6 19.Be5 Qd8 20.Nc7 Rb8 21.Qc2 Rf8 22.Nd5
cxd5 23.Bxb8 Bb4 24.Reb1 Bc5 25.cxd5 Qa5 26.h3 Bd4 27.Bc7 Qa3 28.Rb3 Qa4
29.Rc1 g6 30.Qc4 {#r} 1-0

[Event "It "]
[Site "Paris (France)"]
[Date "2016.06.12"]
[Round "11"]
[White "Giri Anish (NED)"]
[Black "So Wesley (USA)"]
[Result "0-1"]
[WhiteElo "2790"]
[BlackElo "2773"]

1.Nf3 Nf6 2.g3 d5 3.Bg2 e6 4.O-O Be7 5.c4 O-O 6.b3 b6 7.Bb2 Bb7 8.cxd5 Nxd5
9.d4 Nd7 10.Re1 N5f6 11.Nc3 c5 12.e4 cxd4 13.Nxd4 Ne5 14.Qe2 Bc5 15.Ncb5 a6
16.Rad1 axb5 17.Nxe6 Qe7 18.Nxf8 Kxf8 19.Bd4 b4 20.f4 Bxd4+ 21.Rxd4 Qc5 22.Qe3
Nfg4 23.Qd2 Nc6 24.Rd1 Rd8 {#R} 0-1

[Event "Memorial J.Capablanca (elite) (cat.18)"]
[Site "Varadero (Cuba)"]
[Date "2016.06.12"]
[Round "4"]
[White "Almasi Zoltan (HUN)"]
[Black "Bruzon Lazaro (CUB)"]
[Result "1-0"]
[WhiteElo "2682"]
[BlackElo "2679"]

1.Nf3 d5 2.g3 Nf6 3.Bg2 e6 4.O-O Be7 5.c4 O-O 6.b3 b6 7.Bb2 Bb7 8.cxd5 Nxd5
9.d4 Nd7 10.Re1 N5f6 11.Nc3 Rc8 12.e4 Bb4 13.Qc2 c5 14.Rad1 cxd4 15.Nxd4 Rc5
16.Ndb5 Ba6 17.a3 Bxc3 18.Nxc3 Qc7 19.b4 Rc4 20.Qd2 Rc8 21.e5 Nxe5 22.b5 Rc5
23.Rxe5 Qxe5 24.Ne4 Qf5 25.Nxc5 Bxb5 26.Ne4 Nxe4 27.Qd8+ Be8 28.Qxc8 Qxf2+
29.Kh1 {#r} 1-0

[Event "Ch Switzerland (team) 2016"]
[Site "Switzerland"]
[Date "2016.06.11"]
[Round "4"]
[White "Moor Roger (SUI)"]
[Black "Muheim Lukas (SUI)"]
[Result "0-1"]
[WhiteElo "2396"]
[BlackElo "2297"]

1.c4 e6 2.Nf3 d5 3.g3 Nf6 4.Bg2 Be7 5.O-O c5 6.b3 Nc6 7.e3 d4 8.exd4 cxd4
9.Re1 O-O 10.Bb2 a5 11.d3 Kh8 12.Nbd2 Ne8 13.Ne5 Nxe5 14.Rxe5 f6 15.Re1 e5
16.Qe2 Nc7 17.f4 Bb4 18.fxe5 Re8 19.e6 Ra6 20.Qf2 Raxe6 21.Rxe6 Nxe6 22.Nf3
Nc5 23.Rd1 Bf5 24.Qxd4 Qe7 25.Qf2 Nxd3 {#R} 0-1

[Event "It "]
[Site "Eforie Nord (Romania)"]
[Date "2016.06.29"]
[Round "3"]
[White "Petre Nad-Titus (ROM)"]
[Black "Raducanu Andrei Augustin (ROM)"]
[Result "0-1"]
[WhiteElo "2339"]
[BlackElo "2099"]

1.c4 e6 2.g3 d5 3.Bg2 Nf6 4.Nf3 Be7 5.O-O O-O 6.b3 Nbd7 7.Bb2 b6 8.cxd5 Nxd5
9.d4 Bb7 10.Nbd2 N5f6 11.Re1 c5 12.e4 cxd4 13.Nxd4 Nc5 14.Qe2 Rc8 15.Rac1 Rc7
16.Red1 Rd7 17.e5 Bxg2 18.Kxg2 Qa8+ 19.N2f3 Nd5 20.Kg1 Nf6 21.Nd2 Nd5 22.Nc4
Nf6 23.Nd2 Nfe4 {#R} 0-1

[Event "It (open)"]
[Site "Portoroz (Slovenia)"]
[Date "2016.07.28"]
[Round "7"]
[White "Sielecki Christof (GER)"]
[Black "Titan Matej (SLO)"]
[Result "1-0"]
[WhiteElo "2437"]
[BlackElo "2202"]

1.c4 Nf6 2.g3 e6 3.Bg2 d5 4.Nf3 Be7 5.O-O O-O 6.b3 b6 7.Bb2 Bb7 8.cxd5 Nxd5
9.d4 c5 10.dxc5 Bxc5 11.a3 Be7 12.b4 b5 13.Nc3 Nxc3 14.Bxc3 a6 15.Qc2 Bd5
16.Rfd1 Bb7 17.Rf1 Bd5 18.Rfd1 Qb6 19.Qb2 g6 20.Ne5 Bxg2 21.Kxg2 f6 22.Ng4 e5
23.Qb3+ Kg7 24.Bd2 Rf7 25.Qd5 {#r} 1-0

[Event "It (open)"]
[Site "Fano (Italy)"]
[Date "2016.08.05"]
[Round "8"]
[White "Nguyen Piotr (POL)"]
[Black "Maisuradze Nino (FRA)"]
[Result "1-0"]
[WhiteElo "2446"]
[BlackElo "2268"]

1.c4 e6 2.g3 d5 3.Bg2 Nf6 4.Nf3 Be7 5.O-O O-O 6.b3 c5 7.Bb2 Nc6 8.e3 b6 9.Nc3
Bb7 10.cxd5 Nxd5 11.Nxd5 Qxd5 12.d4 Rad8 13.Ne5 Qd6 14.dxc5 Qxc5 15.Nd7 Qg5
16.h4 Qh6 17.Rc1 Na5 18.b4 Bxg2 19.Kxg2 Bxb4 20.Nxf8 Rxd1 21.Rc8 f6 22.Rxd1
Bxf8 23.Ba3 Kf7 24.Bxf8 e5 25.Rc7+ Ke8 26.Ba3 {#r} 1-0

[Event "Ch Turkey (team) (Super League)"]
[Site "Izmir (Turkey)"]
[Date "2016.07.25"]
[Round "1"]
[White "Mamedov Rauf (AZE)"]
[Black "Demircioglu Emre (TUR)"]
[Result "1-0"]
[WhiteElo "2650"]
[BlackElo "2206"]

1.c4 e6 2.g3 Nf6 3.Bg2 d5 4.Nf3 Be7 5.O-O O-O 6.b3 b6 7.Bb2 Bb7 8.e3 c5 9.Nc3
dxc4 10.bxc4 Nc6 11.Qe2 Qc7 12.d3 Rad8 13.Ne1 Na5 14.g4 Bxg2 15.Nxg2 a6 16.g5
Ne8 17.f4 Qd7 18.Rad1 b5 19.cxb5 axb5 20.Qh5 Qc6 21.Rf3 g6 22.Nd5 {#r} 1-0

[Event "Ch Belgrade (team) (Premijer liga)"]
[Site "Belgrade (Serbia)"]
[Date "2016.10.09"]
[Round "2"]
[White "Kocic Sasa (SRB)"]
[Black "Vulinovic Radivoje (MNE)"]
[Result "0-1"]
[WhiteElo "2218"]
[BlackElo "2185"]

1.Nf3 d5 2.g3 Nf6 3.Bg2 e6 4.c4 Be7 5.O-O O-O 6.b3 c5 7.Bb2 Nc6 8.cxd5 Nxd5
9.d4 cxd4 10.Nxd4 Bd7 11.e4 Nc7 12.Nc3 Bf6 13.Nxc6 Bxc6 14.Qe2 Bd4 15.Rfd1 e5
16.Nd5 Nb5 17.Ne3 Bd7 18.Nf5 Bxf5 19.exf5 Qb6 20.Bxd4 exd4 21.Qf3 Rad8 22.Re1
Qf6 23.Rad1 Nc3 {#R} 0-1

[Event "It (open) "]
[Site "Krakow (Poland)"]
[Date "2016.12.29"]
[Round "3"]
[White "Lornije Filip (UKR)"]
[Black "Eggink Ryszard (POL)"]
[Result "1-0"]
[WhiteElo "2232"]
[BlackElo "2361"]

1.Nf3 Nf6 2.g3 e6 3.Bg2 d5 4.O-O Be7 5.c4 dxc4 6.Na3 O-O 7.Nxc4 c5 8.d3 Nbd7
9.Bd2 Nd5 10.a3 b5 11.Ne3 Bb7 12.Nxd5 Bxd5 13.Bf4 Qb6 14.Qd2 Rfd8 15.Rac1 a5
16.Qe3 f6 17.g4 e5 18.Bg3 Qe6 19.g5 Kh8 20.gxf6 gxf6 21.Qh6 Rg8 22.e4 Bc6
23.Bh3 Qf7 24.Bf5 Bf8 25.Qh4 Re8 26.Kh1 Nb8 27.Rg1 Bd7 {#r} 1-0

[Event "It (open)"]
[Site "Basel (Switzerland)"]
[Date "2017.01.04"]
[Round "4"]
[White "Roe Simon J (ENG)"]
[Black "Schneider Jana"]
[Result "1-0"]
[WhiteElo "2211"]
[BlackElo "2274"]

1.Nf3 Nf6 2.c4 e6 3.g3 Be7 4.Bg2 d5 5.O-O O-O 6.b3 c6 7.Bb2 Nbd7 8.Nc3 Re8
9.Qc2 Nf8 10.d4 b6 11.e4 Ba6 12.Rfe1 Rc8 13.Rad1 dxc4 14.bxc4 Bxc4 15.Ne5 Ba6
16.d5 cxd5 17.exd5 exd5 18.Qb3 Bd6 19.Nxd5 Bxe5 20.Bxe5 Nxd5 21.Bxd5 Qe7
22.Qa4 Bb7 23.Qg4 Ng6 24.Bc3 Qc7 25.Rxe8+ Rxe8 26.Qd4 Ne5 27.Bxb7 Qxb7 28.Qxe5
{#r} 1-0

[Event "Ch New Zealand (open)"]
[Site "Wellington (New Zealand)"]
[Date "2017.01.03"]
[Round "3"]
[White "Nijman Brian (NZL)"]
[Black "Lukey Stephen G (NZL)"]
[Result "0-1"]
[WhiteElo "2037"]
[BlackElo "2190"]

1.Nf3 Nf6 2.g3 d5 3.c4 e6 4.Bg2 Be7 5.O-O O-O 6.Qc2 c5 7.d3 Nc6 8.cxd5 exd5
9.Nc3 d4 10.Nd1 h6 11.a3 Be6 12.Bd2 Rc8 13.Rc1 b5 14.Ne1 Qb6 15.h3 Rfd8 16.Kh2
c4 17.Qb1 Na5 18.Bxa5 Qxa5 19.e3 cxd3 20.Rxc8 Bxc8 21.Qxd3 b4 22.Qd2 dxe3
23.Qxe3 Bc5 24.axb4 Bxb4 25.Nd3 Bd2 26.Qc5 Ba6 27.Qxa5 Bxa5 {#R} 0-1

[Event "Ch Poland (active)"]
[Site "Zgierz (Poland)"]
[Date "2017.01.08"]
[Round "8"]
[White "Klekowski Maciej (POL)"]
[Black "Krainski Aleksander (POL)"]
[Result "1-0"]
[WhiteElo "2448"]
[BlackElo "2177"]

1.c4 e6 2.Nf3 d5 3.g3 Nf6 4.Bg2 Be7 5.O-O O-O 6.b3 c6 7.Bb2 b5 8.d4 Nbd7
9.Nbd2 bxc4 10.bxc4 Rb8 11.Qc2 Qa5 12.Rfb1 Ba6 13.Bc3 Qa3 14.e4 dxc4 15.Rxb8
Rxb8 16.Nb1 Rxb1+ 17.Rxb1 Nb6 18.Nd2 Bb5 19.Bb2 Qa6 20.Bf1 Bb4 21.Bc3 Ba3
22.Bb4 {#r} 1-0

[Event "Ch Slovakia (team) 2016/17"]
[Site "Slovakia"]
[Date "2017.01.14"]
[Round "5"]
[White "Stocek Jiri (CZE)"]
[Black "Pechac Jergus (SVK)"]
[Result "1-0"]
[WhiteElo "2546"]
[BlackElo "2437"]

1.Nf3 Nf6 2.c4 e6 3.g3 d5 4.Bg2 Be7 5.O-O O-O 6.b3 c5 7.e3 Nc6 8.Bb2 b6 9.Nc3
Bb7 10.cxd5 exd5 11.d4 Rc8 12.Rc1 Qd7 13.dxc5 bxc5 14.Na4 c4 15.bxc4 dxc4
16.Bxf6 Qxd1 17.Rfxd1 Bxf6 18.Nd2 Ba6 19.Nc5 Bb5 20.Nxc4 Nb4 21.Nd6 Nxa2
22.Nxc8 Rxc8 23.Bh3 Rc7 24.Rc2 Nb4 25.Rcd2 g6 26.Ne4 Be7 27.Bd7 Bc4 28.Rc1 Bd8
29.Bb5 {#r} 1-0

[Event "Ch Catalunia (team) (Gr.2)"]
[Site "Barcelona (Spain)"]
[Date "2017.01.21"]
[Round "1"]
[White "Porras Mateo Felipe (ESP)"]
[Black "Escandell Juan C (ESP)"]
[Result "1-0"]
[WhiteElo "2298"]
[BlackElo "2302"]

1.Nf3 Nf6 2.g3 e6 3.Bg2 d5 4.O-O Be7 5.c4 dxc4 6.Na3 a6 7.Nxc4 O-O 8.d4 Nc6
9.e3 Rb8 10.Bd2 Ne4 11.Be1 f6 12.Rc1 Kh8 13.Qc2 Nd6 14.Na5 Bd7 15.Nb3 Na7
16.Bd2 Bc6 17.Nc5 Qc8 18.Qb3 Bd5 19.Qd3 Ndb5 20.a4 b6 21.e4 bxc5 22.exd5 Nxd4
23.Nxd4 cxd4 24.Qxd4 c5 25.dxc6 Qc7 26.Qd7 Rb7 27.Qxc7 Rxc7 28.Ba5 {#r} 1-0

[Event "It (open) (w)"]
[Site "Moscow (Russia)"]
[Date "2017.01.29"]
[Round "2"]
[White "Galliamova Alisa (RUS)"]
[Black "Markelova Lubov (RUS)"]
[Result "1-0"]
[WhiteElo "2443"]
[BlackElo "2155"]

1.c4 e6 2.Nf3 d5 3.g3 Nf6 4.Bg2 Be7 5.O-O O-O 6.b3 c6 7.Bb2 Nbd7 8.d3 b6 9.e4
Bb7 10.Qe2 Qc7 11.e5 Ne8 12.Nc3 Rc8 13.Rfe1 Qb8 14.h4 Nc7 15.Ng5 h6 16.Nh3 b5
17.Nf4 Nb6 18.Nh5 Kh7 19.Bc1 Rg8 20.cxb5 cxb5 21.Qe3 Nd7 22.Ne2 b4 23.Nd4 a6
24.Bh3 Qa7 25.Qf4 Rcf8 26.Nf5 Bc5 27.Nfxg7 Bxf2+ 28.Kf1 Rh8 29.Nf5 {#r} 1-0

[Event "Aeroflot Open A 2017"]
[Site "Moscow RUS"]
[Date "2017.02.22"]
[Round "2.42"]
[White "Pavlovic,Milos"]
[Black "Lalith,B"]
[Result "0-1"]
[WhiteElo "2512"]
[BlackElo "2584"]

1.Nf3 Nf6 2.g3 d5 3.Bg2 e6 4.O-O Be7 5.c4 O-O 6.d4 c6 7.Qc2 b6 8.Bg5 Nbd7
9.Nbd2 Ba6 10.Rac1 Rc8 11.Rfd1 h6 12.Bxf6 Nxf6 13.Ne5 Bb7 14.cxd5 cxd5 15.Qa4
a6 16.Nc6 Bxc6 17.Rxc6 Qd7 18.Rdc1 Bc5 19.R1xc5 bxc5 20.Rxa6 Qb7 21.dxc5 Qxb2
22.Nb3 Qxe2 23.Bf1 Qc2 24.Qd4 Kh8 25.Kg2 Rfd8 26.Bd3 Qd1 27.f4 Ra8 28.c6 Rxa6
29.Bxa6 Qc2+ 30.Kh3 Qxc6 {#R} 0-1

[Event "8th Pfalz Open 2017"]
[Site "Neustadt an der Weinstrasse GER"]
[Date "2017.02.28"]
[Round "8.28"]
[White "Lagunow,Raphael"]
[Black "Muetsch,Annmarie"]
[Result "1-0"]
[WhiteElo "2268"]
[BlackElo "2005"]

1.Nf3 Nf6 2.c4 e6 3.g3 d5 4.Bg2 Be7 5.O-O O-O 6.d4 b6 7.Nc3 Bb7 8.cxd5 exd5
9.Bf4 Ne4 10.Nd2 f5 11.Rc1 c6 12.Ndxe4 fxe4 13.f3 exf3 14.Bxf3 Bg5 15.Bxg5
Qxg5 16.e4 Qe3+ 17.Kg2 dxe4 18.Nxe4 Rd8 19.Re1 Qh6 20.Qb3+ Kh8 21.h4 Rf8
22.Ng5 Qf6 23.Re6 Qd8 24.Rce1 {#r} 1-0

[Event "TCh-NOR Codanserien"]
[Site "Norway NOR"]
[Date "2017.03.05"]
[Round "9.4"]
[White "Holm,Kristian Stuvik"]
[Black "Fossan,Andreas"]
[Result "1-0"]
[WhiteElo "2413"]
[BlackElo "2061"]

1.Nf3 Nf6 2.g3 e6 3.Bg2 d5 4.O-O Be7 5.c4 O-O 6.d4 c6 7.Qc2 b6 8.Nbd2 Na6 9.a3
Bb7 10.b4 c5 11.dxc5 bxc5 12.b5 Nc7 13.a4 Rc8 14.Bb2 Nce8 15.e3 Nd6 16.Rfd1
Qc7 17.Ne5 Rfd8 18.Rac1 Nf5 19.cxd5 Nxd5 20.Ndc4 Nb4 21.Qe2 Bxg2 22.Kxg2 f6
23.Nf3 e5 24.Rxd8+ Bxd8 25.Ncd2 Nd6 26.Ba3 Qf7 27.Nc4 Qd5 28.Nxd6 Qxd6 29.Bxb4
{#r} 1-0